| 000 | 01463nam a22001577a 4500 | ||
|---|---|---|---|
| 041 | _aukr | ||
| 080 | _a09 | ||
| 090 | _bВОЙ | ||
| 100 | _aВойтович Н.В. | ||
| 245 | _aНеологізми в політичному дискурсі англійської та української мов | ||
| 260 |
_aОстрог _bКАФ _c2009 |
||
| 300 | _a75 | ||
| 520 |
_aВСТУП
РОЗДІЛ 1 НЕОЛОГІЗМИ,ЗАГАЛЬНА ХАРАКТЕРИСТИКА
1.1 Класифікація неологізмів.
1.2 Способи творення неологізмів та сфери їхнього вживання.
РОЗДІЛ 2 ПОЛІТИЧНИЙ ДИСКУРС. ЗАГАЛЬНА ХАРАКТЕРИСТИКА. НЕОЛОГІЗМИ В ПОЛІТИЧНОМУ ДИСКУРСІ
2.1 Інновації політичного дискурсу в українській мові.
2.2 Вплив глобалізації на словниковий запас в політичному аспекті.
2.3 Феміністичний рух і розвиток словникового складу англійської мови.
2.4 "VIP-неологізми" англійської мови 21 століття.
2.5 Особливості евфемістичних жаргонів політичного дискурсу.
ВИСНОВКИ _0неологізми,політичний дискурс |
||
| 650 | _aResearch Papers | ||
| 999 |
_c284195 _d284195 |
||
| 942 | _cBK | ||